000 00895cam a2200313 a 4500
001 22594
003 SK-KTurca
005 20260401144928.0
008 240226s2000 xo r 000 f slo
015 _aSNBA2001/05-01696
020 _a8088978440
035 _aSNK000363167
035 _aurn:nbn:sk:snk-amkmgq
035 _aurn:nbn:sk:snk-am00488o
035 _a3A8144B5-59A9-4B50-9F05-FB512F7EDB00
040 _aSNK
_bslo
_cSNK
_eAACR2
041 0 _aslo
044 _axo
_cSK
080 _a885.4-3
_21981
080 _a398.2(437.646)
_21981
100 1 _aHabovštiak, Anton,
_d1924-2004
_4aut
245 1 0 _aPovesti oravskej doliny
_cAnton Habovštiak
260 _aBratislava
_bMotýľ
_c2000
300 _a219 s.
_c22 cm
651 7 _aOrava (Slovensko : región)
_2SNK
655 7 _aslovenské povesti
_2SNK
655 7 _aslovenské ľudové povesti
_2SNK
942 _2ddc
_cKLDE
_n0
999 _c22594
_d22594